000
00320nam a22001457a 4500
008
231004b ||||| |||| 00| 0 eng d
020
_a
9780198547990
041
_a
eng
080
_a
521
082
_a
521WOL
100
_a
19
101
_a
ASTRO
245
_a
THE TRIUMPH PF THE EMBRYO
_c
WOLPERT.L
942
_2
udc
_c
BK
999
_c
60417
_d
60417